000 00323nam a22001457a 4500
003 SGT
082 _a362
_ba06m
100 _aMULLE,GUNAKAR
245 _aAPEKSHITA SIDDHANT KAYA HAI
250 _a1st
260 _aNEW DELHI
_bRAJKAMAL PRAKASHAN
_c2006
300 _a128
650 _aMASS COMMUNICATION
942 _2ddc
_cBK
999 _c12943
_d12943